|
|
|
|
| LEADER |
00000nam0a2200000 4500 |
| 001 |
324782 |
| 005 |
20231102003712.0 |
| 035 |
|
|
|a (RuTPU)RU\TPU\book\350393
|
| 090 |
|
|
|a 324782
|
| 100 |
|
|
|a 20161122d1972 k y0rusy50 ca
|
| 101 |
0 |
|
|a rus
|
| 102 |
|
|
|a RU
|
| 105 |
|
|
|a y z 000zb
|
| 200 |
1 |
|
|a Ленинский этап в развитии философии марксизма
|f Академия наук СССР (АН СССР), Институт философии (ИФ) ; под ред. Ф. Т. Архипцева
|
| 210 |
|
|
|a Москва
|c Наука
|d 1972
|
| 215 |
|
|
|a 440 с.
|
| 600 |
|
1 |
|a Ленин
|b В. И.
|c настоящая фамилия Ульянов
|c российский политический деятель
|f 1870-1924
|g Владимир Ильич
|2 stltpush
|3 (RuTPU)RU\TPU\pers\1074
|9 486
|
| 606 |
1 |
|
|a Марксистско-ленинская философия
|2 stltpush
|3 (RuTPU)RU\TPU\subj\41052
|9 60871
|
| 610 |
1 |
|
|a ленинская концепция
|
| 610 |
1 |
|
|a ленинские принципы
|
| 610 |
1 |
|
|a марксизм
|
| 610 |
1 |
|
|a философия
|
| 610 |
1 |
|
|a развитие
|
| 610 |
1 |
|
|a марксистская философия
|
| 610 |
1 |
|
|a диалектика
|
| 610 |
1 |
|
|a логика
|
| 610 |
1 |
|
|a теория познания
|
| 610 |
1 |
|
|a естественнонаучная философия
|
| 610 |
1 |
|
|a общественное сознание
|
| 610 |
1 |
|
|a ревизионизм
|
| 686 |
|
|
|a Ю0
|v LBC/SL-A
|2 rubbk
|
| 702 |
|
1 |
|a Архипцев
|b Ф. Т.
|4 340
|
| 712 |
0 |
2 |
|a Академия наук СССР (АН СССР)
|b Институт философии (ИФ)
|2 stltpush
|3 (RuTPU)RU\TPU\col\11338
|
| 801 |
|
1 |
|a RU
|b 63413507
|c 20161122
|
| 801 |
|
2 |
|a RU
|b 63413507
|c 20230130
|g RCR
|
| 942 |
|
|
|c BK
|